Central Library OPAC University of Rajshahi

দর্পন / (Record no. 77732)

MARC details
000 -LEADER
fixed length control field 00741nam a2200217 a 4500
001 - CONTROL NUMBER
control field 77732
003 - CONTROL NUMBER IDENTIFIER
rucl marc code BD-RjUL
005 - DATE AND TIME OF LATEST TRANSACTION
control field 20211209083021.0
008 - FIXED-LENGTH DATA ELEMENTS--GENERAL INFORMATION
fixed length control field 210104s2002 bg ||||| |||| 00| 0 ben d
035 ## - SYSTEM CONTROL NUMBER
System control number (BD-RjUL)77958
040 ## - CATALOGING SOURCE
Original cataloging agency BD-RjUL
Language of cataloging eng
Transcribing agency BD-RjUL
041 ## - LANGUAGE CODE
Language code of text/sound track or separate title ben
082 ## - DEWEY DECIMAL CLASSIFICATION NUMBER
Edition number 23
Classification number 954.92
Author mark and year ISD 2002
100 ## - MAIN ENTRY--PERSONAL NAME
Personal name ইসলাম, মো: সাইফুল
9 (RLIN) 243203
245 10 - TITLE STATEMENT
Title দর্পন /
Statement of responsibility, etc. মো: সাইফুল ইসলাম
260 ## - PUBLICATION, DISTRIBUTION, ETC. (IMPRINT)
Place of publication, distribution, etc. বগুড়া :
Name of publisher, distributor, etc. সিরিন আক্তার বানু,
Date of publication, distribution, etc. ২০০২
300 ## - PHYSICAL DESCRIPTION
Pagination ৪৮ পৃ.;
Size ২১ সেমি.
651 ## - SUBJECT ADDED ENTRY--GEOGRAPHIC NAME
Geographic name বাংলাদেশ
General subdivision ইতিহাস
9 (RLIN) 243204
Geographic name Bangladesh
General subdivision History
9 (RLIN) 243205
942 ## - ADDED ENTRY ELEMENTS (KOHA)
Source of classification or shelving scheme Dewey Decimal Classification
Koha item type Books
Holdings
Lost status Source of classification or shelving scheme Damaged status Not for loan Collection code Permanent Location Current Location Shelving location Date acquired Source of acquisition Cost, normal purchase price Total Checkouts Full call number Date last seen Copy number Koha item type
  Dewey Decimal Classification   Not For Loan Non-fiction Central Library, University of Rajshahi Central Library, University of Rajshahi Reading Room 23/11/2002 NilFamary Chilmary 40.00   B 954.92 ISD 2002 04/01/2021 C-1 Books